Translation Processes in Marketing and Advertising diplomová práca

Saved in:
Bibliographic Details
Main Author: Tupá, Nina
Corporate Author: Fakulta aplikovaných jazykov EU v Bratislave. Katedra jazykovedy a translatológie
Other Authors: Štefčík, Jozef, 1976-
Format: Book
Language:English
Published: Bratislava 2025
Tags: Add Tag
No Tags, Be the first to tag this record!

MARC

LEADER 00000nbm a2200000 4500
001 0308942
005 20260211105426.0
041 0 |a eng 
044 |a SK 
245 1 0 |a Translation Processes in Marketing and Advertising  |b diplomová práca  |c Nina Tupá ; školiteľ: Jozef Štefčík 
264 1 |a Bratislava  |c 2025 
300 |a 73 s. 
100 1 |a Tupá, Nina 
700 1 |a Štefčík, Jozef, 1976- 
710 2 |a Fakulta aplikovaných jazykov EU v Bratislave. Katedra jazykovedy a translatológie